000 00426nam a2200193Ia 4500
008 101110s9999 xx 000 0 und d
041 _aENGLISH
082 _bSR3788
_a828
100 _aLandau Rom
245 _aHitler's Paradise
365 _b1
520 _aEnglish
546 _aENGLISH
630 _aHitler's Paradise
650 _aEnglish
655 _aEnglish
730 _aHitler's Paradise
942 _cBOOK
999 _c800204
_d800201